LEADER 01216nas 2200409- 450 001 996321141303316 005 20200911053912.3 011 $a2250-4397 035 $a(OCoLC)987452671 035 $a(CKB)3710000000731253 035 $a(CONSER)--2017268593 035 $a(EXLCZ)993710000000731253 100 $a20170409a20119999 o-- b 101 0 $aspa 135 $aur|n||||||||| 181 $ctxt$2rdacontent 182 $cc$2rdamedia 183 $acr$2rdacarrier 200 00$aEstudios del ISHiR 210 1$aRosario, Argentina :$cUnidad Ejecutora en Red ISHiR - CONICET,$d2011- 215 $a1 online resource 300 $aRefereed/Peer-reviewed 517 1 $aEstudios del Investigaciones Socio-Históricas Regionales 531 0 $aEstud. ISHiR 606 $aSociology$zArgentina$vPeriodicals 606 $aSociology$2fast$3(OCoLC)fst01123875 607 $aArgentina$2fast 608 $aElectronic journals. 608 $aPeriodicals.$2fast 610 $aSocial Conditions 615 0$aSociology 615 7$aSociology. 712 02$aISHIR-CONICET (Research institute), 906 $aJOURNAL 912 $a996321141303316 996 $aEstudios del ISHiR$92578129 997 $aUNISA LEADER 00767nam0-2200265 --450 001 9910640899003321 005 20230629114838.0 010 $a9781597492706 100 $a20230203d2008----kmuy0itay5050 ba 101 $aeng 102 $aUS 105 $a 001yy 200 1 $aMethods in nano cell biology$fedited by Bhanu P. Jena 210 $aSan Diego [etc.]$cElsevier Academic press$dc2008 215 $aXIX, 473 p., [40] p. di tav.$cill.$d25 cm. 606 $aanatomia e morfologia cellulare 676 $a571.633 702 1$aJena,$bBhanu P. 801 0$aIT$bUNINA$gREICAT$2UNIMARC 901 $aBK 912 $a9910640899003321 952 $aBSF-MET.CEL-90$b1551$fSC1 959 $aSC1 996 $aMethods in nano cell biology$93385013 997 $aUNINA